Ecology and Liberation (Record no. 9932)

MARC details
000 -LEADER
fixed length control field 00646nam a2200253 a 4500
020 ## - INTERNATIONAL STANDARD BOOK NUMBER
ISBN 0883441
082 00 - DEWEY DECIMAL CLASSIFICATION NUMBER
Classification number 261.836
Author Cutter BOF
100 ## - MAIN ENTRY--AUTHOR NAME
Author name Boff, Leonardo
245 ## - TITLE STATEMENT
Title Ecology and Liberation
Sub title New Paradigm
260 ## - PUBLICATION, DISTRIBUTION, ETC. (IMPRINT)
Place of publication New York
Name of publisher Orbis Books
Year of publication 1955
300 ## - PHYSICAL DESCRIPTION
Number of Pages 187p
500 ## - GENERAL NOTE
General note includes index and biblioraphy
505 2# - FORMATTED CONTENTS NOTE
Formatted contents note Index
650 ## - SUBJECT ADDED ENTRY--TOPICAL TERM
Topical Term Ecology
650 ## - SUBJECT ADDED ENTRY--TOPICAL TERM
Topical Term Human Ecology and Christianity
650 ## - SUBJECT ADDED ENTRY--TOPICAL TERM
Topical Term Liberation-Theology & Ecology
942 ## - ADDED ENTRY ELEMENTS (KOHA)
Koha item type Books
Holdings
Collection code Home library Current library Date acquired Cost, normal purchase price Full call number Accession Number Koha item type
  Henry Martyn Institute Library Henry Martyn Institute Library 07/10/2007 735.00 261.836 BOF 017160 Books
                   Copyright © 2026 | Henry Martyn Institute | Hyderabad | TS-500052 | INDIA | Implemented by hmi.edu.in
Hit-Count:

Powered by Koha